Statistics for Countries that Start with C

Click here to take the quiz!

General Stats

  • This quiz has been taken 664,445 times
    (325,872 since last reset)
  • The average score is 11 of 15

Answer Stats

Country% Correct
Canada
91%
China
84%
Colombia
80%
Cambodia
77%
Chile
77%
Cameroon
73%
Croatia
73%
Chad
71%
Cuba
70%
Czech Republic
70%
Costa Rica
64%
Cyprus
61%
Comoros
60%
Central African Republic
51%
Cape Verde
50%

Score Distribution

Percentile by Number Answered

Percent of People with Each Score

Your Score History

You have not taken this quiz since the last reset